| 000 | 01400cam a22002653a 4500 | ||
|---|---|---|---|
| 001 | 3688 | ||
| 003 | PGUSA | ||
| 005 | 20140828083037.0 | ||
| 008 | 030101s2003||||xxu|||||s|||||000 | eng d | ||
| 040 |
_aPGUSA _beng |
||
| 042 | _adc | ||
| 050 | 4 | _aPR | |
| 100 | 1 |
_aSaki, _d1870-1916 |
|
| 245 | 1 | 4 |
_aThe Chronicles of Clovis _h[electronic resource] / _cSaki |
| 260 |
_bProject Gutenberg, _c2003 |
||
| 505 | 0 | _aEsmé -- The match-maker -- Tobermory -- Mrs. Packletide's tiger -- The stampeding of Lady Bastable -- The background -- Hermann the irascible: a story of the great weep -- The unrest-cure -- The jesting of Arlington Stringham -- Sredni Vashtar -- Adrian -- The chaplet -- The quest -- Wratislav -- The Easter egg -- Filboid Studge, the story of a mouse that helped -- The music on the hill -- The story of St. Vespaluus -- The way to the dairy -- The peace offering -- The peace of Mowsle Barton -- The talking-out of Tarrington -- The hounds of fate -- The recessional -- A matter of sentiment -- The secret sin of Septimus Brope -- "Ministers of Grace" -- The remoulding of Groby Lington. | |
| 506 | _aPublic domain in the USA. | ||
| 516 | _aElectronic text | ||
| 653 | _aShort stories | ||
| 653 | _aSatire, English | ||
| 700 | 1 |
_aMilne, A. A. _q(Alan Alexander), _d1882-1956 |
|
| 830 | 0 |
_aProject Gutenberg _v3688 |
|
| 856 | 4 | 0 | _uhttp://www.gutenberg.org/ebooks/3688 |
| 942 | _cEB | ||
| 999 |
_c233017 _d233017 |
||